00521nam a2200193 a 4500001001300000003000900013005001700022008004100039020001000080082001300090100002300103245006600126260003100192300000900223500003500232505001000267650002700277700002300304nice12345678IN_TiNIC20260116014015.0050524s2003 lona grp 000 0 eng  ac99500a291bWHE aWheatcroft, Andrew aInfidels, the Conflict Between Christendom and Islam 638-2002 aLondonbPenguin Bookc2003 a443p aincludes index and biblioraphy2 aIndex aChristianity and Islam1 aWheatcroft, Andrew